000 00498nam a2200169 4500
003 SEACOMMC
005 20241213115004.0
008 241213b |||||||| |||| 00| 0 eng d
020 _a1879618214
_cRs.295.00
040 _aSEACOMMC
082 _a658
_bE 92
100 _aEvangelista, Robert
245 1 _aThe business of winning: a manager's guide to building a championship team at work
_cRobert Evangelista
260 _aSingapore
_bPearson Education
_c 2001
650 _aManagement
942 _cBOOK
999 _c866
_d866